• 首页
  • 本馆介绍
  • 公告通知
  • 最新文献
  • 馆藏检索
  • 电子资源
  • 读者导购
  • 参考咨询
  • 我的图书馆
  • 登录
  • 详细信息显示
  • 放入我的书架
  • 预约/预借图书
  • 作者相关作品
  • 分类相关作品
  • 丛书相关作品
  • 出版社相关作品

书目信息

  • 表格格式
  • 工作单格式
  • 卡片格式
题名:
人类生存环境蓝皮书
    
 
作者: 马翼 著
分册:  
出版信息: 北京   蓝天出版社  1999
页数: 331页
开本: 20cm
丛书名:
单 册:
中图分类: X24 , X21
科图分类:
主题词: 人类环境--调查报告--联合国 , 环境 , 环境系统
电子资源:
ISBN: 7-80081-852-7
000 00679nam0 2200253 450
001 1558732125
005 20150118161916.87
010    @a7-80081-852-7@dCNY19.80
100    @a20021005d1999 em y0chiy0110 ea
101 0  @achi
102    @aCN@b110000
105    @af z 000yy
200 1  @a人类生存环境蓝皮书@9ren lei sheng cun huan jing lan pi shu@f马翼著
210    @a北京@c蓝天出版社@d1999
215    @a331页@c照片@d20cm
300    @a联合国环境规划署调查报告
606 0  @a人类环境@x调查报告@x联合国
606 0  @a环境
606 0  @a环境系统
690    @aX24@v5
690    @aX21@v4
701  0 @a马翼@9ma yi@4著
801  0 @aCN@bTSSF@c20150118
905    @aZUCC@dX21@eJY1
    
    人类生存环境蓝皮书/马翼著.-北京:蓝天出版社,1999
    331页:照片;20cm
    联合国环境规划署调查报告
    
    ISBN 7-80081-852-7:CNY19.80
    
●
相关链接 在E读中查询图书 在五车中查询图书 在当当中查询图书 在豆瓣中查询图书


正题名:人类生存环境蓝皮书     索取号:X21/JY1         预约/预借

序号 登录号 条形码 馆藏地/架位号 状态 备注
1 7848921   278489217   学院路分馆/ [索取号:X21/JY1] 在馆    
2 7848922   278489226   学院路分馆/ [索取号:X21/JY1] 在馆    
3 7848923   278489235   学院路分馆/ [索取号:X21/JY1] 在馆    
4 7848924   278489244   学院路分馆/ [索取号:X21/JY1] 在馆    
唐山师范学院图书馆 欢迎您!
大连网信软件有限公司© 版权所有